[Event "GER-ch U10"]
[Site "Willingen"]
[Date "2024.05.22"]
[Round "7"]
[White "Jung, Michael2"]
[Black "Liu, Yichen"]
[Result "0-1"]
[WhiteElo "1363"]
[BlackElo "1212"]
[PlyCount "120"]
[EventDate "2024.05.19"]
[EventType "swiss"]
[EventRounds "11"]
[EventCountry "GER"]
[SourceTitle "CBM 220 Extra"]
[Source "ChessBase"]
[SourceDate "2024.07.31"]
[SourceVersion "1"]
[SourceVersionDate "2024.07.31"]
[SourceQuality "1"]

1. d4 d6 2. c4 g6 3. Nc3 Bg7 4. Bf4 Bf5 5. e3 Nf6 6. Bd3 Bxd3 7. Qxd3 0-0 8. Nf3 Nbd7 9. 0-0 Nb6 10. Rad1 Re8 11. Qe2 Qd7 12. c5 Nbd5 13. Nxd5 Nxd5 14. Bg3 Rad8 15. Nd2 dxc5 16. dxc5 Bxb2 17. Nb3 Bf6 18. Qe1 Qc6 19. Nd4 Bxd4 20. exd4 Qf6 21. Be5 Qf5 22. h3 Qd7 23. Qd2 f6 24. Bh2 Kg7 25. f4 b6 26. f5 g5 27. Qd3 e6 28. fxe6 Rxe6 29. Rf3 Qe7 30. Bg3 Re8 31. Qf5 Ne3 32. Qd3 Nxd1 33. Qxd1 bxc5 34. h4 h6 35. h5 Re3 36. Rxe3 Qxe3+ 37. Bf2 Qe4 38. dxc5 Qe6 39. Qa4 Ra8 40. Qa5 Qd7 41. Qe1 Rd8 42. Qe4 Qd1+ 43. Be1 Qd4+ 44. Qxd4 Rxd4 45. Bf2 Rd1+ 46. Kh2 Rd2 47. Bg3 Rxa2 48. Bxc7 Rc2 49. Bb8 a6 50. Ba7 a5 51. Kg3 a4 52. Kf3 a3 53. c6 a2 54. Bd4 Rxc6 55. Ba1 Rc1 56. Bb2 a1Q 57. Bxa1 Rxa1 58. g4 Ra3+ 59. Ke4 Kf7 60. Kf5 Ra1 0-1

[Event "GER-ch U10"]
[Site "Willingen"]
[Date "2024.05.20"]
[Round "3"]
[White "Link, Jonas Michael"]
[Black "Liu, Yichen"]
[Result "0-1"]
[WhiteElo "1187"]
[BlackElo "1212"]
[PlyCount "54"]
[EventDate "2024.05.19"]
[EventType "swiss"]
[EventRounds "11"]
[EventCountry "GER"]
[SourceTitle "CBM 220 Extra"]
[Source "ChessBase"]
[SourceDate "2024.07.31"]
[SourceVersion "1"]
[SourceVersionDate "2024.07.31"]
[SourceQuality "1"]

1. e4 c6 2. d4 d5 3. Nc3 dxe4 4. Nxe4 Bf5 5. Ng3 Bg6 6. Nh3 Nf6 7. Nf4 e6 8. Bc4 c5 9. h4 h5 10. Qf3 Nc6 11. Bb5 Qa5+ 12. Bd2 Qxb5 13. 0-0-0 Nxd4 14. Qd3 Bxd3 15. Nxd3 c4 16. Nf4 Qa4 17. Kb1 Rc8 18. Bc3 Nb5 19. Nge2 Ne4 20. Be5 Nxf2 21. b3 cxb3 22. axb3 Qe4 23. Rde1 Qxc2+ 24. Ka1 Nxh1 25. Rxh1 Rc6 26. Bc3 Ra6+ 27. Ba5 Rxa5# 0-1